000 00263nam a2200109Ia 4500
008 190906s9999||||xx |||||||||||||| ||und||
100 _a Collins Egbera
245 0 _aIntegrated Mathematics
260 _aAmerica
_bPenguin Books
_c1991
300 _a565
942 _cBK
999 _c6026
_d6026